| 000 | 00915cam a2200325 a 4500 | ||
|---|---|---|---|
| 001 | 22532 | ||
| 003 | SK-KTurca | ||
| 005 | 20260331153601.0 | ||
| 008 | 240318s2013 xo g 000 f slo | ||
| 015 | _aSNBA2015/09 | ||
| 020 |
_a9788055135045 _q(brož.) |
||
| 035 | _a5ECE675E-607F-4712-868D-5E269821DF1C | ||
| 035 | _aurn:nbn:sk:snk-amjnqd | ||
| 035 | _aurn:nbn:sk:snk-am002f5c | ||
| 040 |
_aPPPK _bslo _cPPPK _dSNK _eAACR2 |
||
| 041 | 0 | _aslo | |
| 044 |
_axo _cSK |
||
| 072 | 7 |
_a821.162.4-3 _xSlovenská próza _2konspekt |
|
| 080 |
_a821.162.4-31 _22001 |
||
| 100 | 1 |
_aDedinská, Eva _4aut |
|
| 245 | 1 | 0 |
_aKeď slzy liečia _cEva Dedinská |
| 250 | _a1. vyd. | ||
| 260 |
_aBratislava _bIkar _c2013 |
||
| 300 |
_a287 s. _c17 cm |
||
| 490 | 1 | _aPríbehy z kabelky | |
| 655 | 7 |
_aslovenské romány _2SNKPH |
|
| 655 | 7 |
_aSlovak fiction _2SNKPHeng |
|
| 830 | 0 | _aPríbehy z kabelky | |
| 942 |
_2ddc _cKLDO _n0 |
||
| 999 |
_c22532 _d22532 |
||